[Event "XVI Open"]
[Site "Porto San Giorgio ITA"]
[Date "2004.08.27"]
[Round "7"]
[White "Jones,G"]
[Black "Chiaretti,R"]
[Result "1-0"]
[WhiteElo "2453"]
[BlackElo "2207"]

1.e4 d6 2.d4 Nf6 3.Nc3 e5 4.Nf3 Nbd7 5.Bc4 Be7 6.O-O O-O 7.Re1 c6 8.a4 Qc7
9.a5 b5 10.axb6 Nxb6 11.Be2 h6 12.b3 Bg4 13.Bb2 Rfd8 14.Qd2 Nfd7 15.d5 cxd5
16.exd5 Bf5 17.Bb5 Rab8 18.Ra2 Nc5 19.Bc6 Nc8 20.b4 Rxb4 21.Nb5 Rxb5 22.Bxb5 Nb6
23.Bc6 Rb8 24.Rea1 a6 25.Qe2 Be4 26.Rd1 Bg6 27.Ne1 Qc8 28.Nd3 Ne4 29.f3 Ng5
30.Nxe5 dxe5 31.Bxe5 Bc5+ 32.Kh1 Qf8 33.Bxb8 Qxb8 34.Rxa6 Qf4 35.d6 Bxd6
36.Rxd6 Qxd6 37.Rxb6 Ne6 38.g3 Nd4 39.Qe8+ Kh7 40.Rb8 Bxc2 41.Qg8+ Kg6 42.Be8 Nxf3
43.Bxf7+ Kf6 44.Bd5 Ng5 45.Rf8+ Kg6 46.Rf4 Qe5 47.Bg2 Bf5 48.Qc4 Ne6 49.Rf1 Nc5
50.Qf4 Nd3 51.Qxe5 Nxe5 52.Kg1 Kg5 53.Bd5 h5 54.Rf4 Ng6 55.h4+ Kf6 56.Ra4 Ne7
57.Bf3 g6 58.Kf2 Be6 59.Ke3 Bd5 60.Ra6+ Ke5 61.Ra5 Kd6 62.Bxd5 Nxd5+ 63.Ke4  1-0

[Event "4th Botvinnik Mem"]
[Site "Satka RUS"]
[Date "2004.08.28"]
[Round "2"]
[White "Savon,V"]
[Black "Shabanov,Y"]
[Result "1-0"]
[WhiteElo "2451"]
[BlackElo "2429"]

1.e4 d6 2.d4 Nf6 3.Nc3 e5 4.Nf3 Nbd7 5.Bc4 Be7 6.O-O O-O 7.Re1 c6 8.a4 Qc7
9.h3 h6 10.Be3 Re8 11.a5 Nf8 12.Bf1 Bd7 13.Qd3 b5 14.axb6 axb6 15.Qc4 exd4
16.Nxd4 Qb7 17.Qb3 Ne6 18.Nf5 b5 19.Nxe7+ Rxe7 20.Rxa8+ Qxa8 21.f3 Nc7 22.Bf2 Be6
23.Qb4 Rd7 24.Rd1 c5 25.Qa3 Qc6 26.b4 cxb4 27.Qxb4 Bc4 28.Bxc4 bxc4 29.Rd4 d5
30.exd5 Ncxd5 31.Nxd5 Rxd5 32.Qxc4 Qe6 33.Rxd5 Nxd5 34.Qd4 g5 35.g3 Ne7 36.Kg2 Ng6
37.Qe4 Qxe4 38.fxe4 Kf8 39.Bd4 Ke7 40.Kf3 h5 41.e5 Ke6 42.Ke4 h4 43.gxh4 gxh4
44.c4 Ne7 45.c5 Nc6 46.Bc3 Ne7 47.Be1 Nc6 48.Bc3 Ne7 49.Ba5 Kd7 50.Be1  1-0

[Event "WGM"]
[Site "Krk CRO"]
[Date "2004.09.03"]
[Round "9"]
[White "Repkova,E"]
[Black "Srebrnic,A"]
[Result "1/2-1/2"]
[WhiteElo "2411"]
[BlackElo "2257"]

1.e4 d6 2.d4 Nf6 3.Nc3 e5 4.dxe5 dxe5 5.Qxd8+ Kxd8 6.Bc4 Be6 7.Bxe6 fxe6
8.f3 Nc6 9.Be3 Bd6 10.Nb5 Ke7 11.O-O-O Nd7 12.Bg5+ Nf6 13.Ne2 a6 14.Nxd6 cxd6
15.Rd2 b5 16.Kb1 Na5 17.Rd3 Rhc8 18.Rhd1 Rc6 19.c3 Nb7 20.R3d2 Nc5 21.Nc1 a5
22.Nd3 Nxd3 23.Rxd3 h6 24.Bh4 g5 25.Bf2 Rb8 26.Be1 a4 27.Bf2 Nd7 28.Be3 Nb6
29.b3 axb3 30.axb3 Nd7 31.Kc2 Ra8 32.Rb1 Rca6 33.Rdd1 Nc5 34.h4 gxh4 35.Bxh6 Rg8
36.Rd2 Ra2+ 37.Rb2 Ra1 38.Be3 Nd7 39.Bf2 Rh8 40.Be3 h3 41.gxh3 Rxh3 42.Bg5+ Nf6
43.Rf2 Rg3 44.Bd2 Nh5 45.c4 bxc4 46.bxc4 Nf4 47.Bb4 Ra6 48.Kc3 Nh3 49.Rf1 Ng5
50.Re2 Rxf3+ 51.Rxf3 Nxf3 52.Rg2 Kd7 53.c5 dxc5 54.Bxc5 Kc6 55.Kb4 Ra1 56.Rc2 Rb1+
57.Ka4 Kd7 58.Rg2 Nd4 59.Rg5  1/2-1/2

[Event "TCh-CRO"]
[Site "Rabac CRO"]
[Date "2004.09.05"]
[Round "1"]
[White "Rogulj,B"]
[Black "Muse,D"]
[Result "0-1"]
[WhiteElo "2387"]
[BlackElo "2418"]

1.e4 d6 2.d4 Nf6 3.Nc3 e5 4.Nf3 Nbd7 5.Bc4 Be7 6.O-O O-O 7.Re1 c6 8.a4 b6
9.Bg5 a6 10.dxe5 dxe5 11.Bxf6 Bxf6 12.Qd6 Nb8 13.Qa3 Ra7 14.Rad1 Rd7 15.Rxd7 Bxd7
16.Rd1 Be7 17.Qb3 Qc7 18.Ne2 b5 19.Bd3 Bg4 20.Qc3 Bxf3 21.gxf3 Rd8 22.axb5 axb5
23.Ra1 Qd6 24.Ng3 g6 25.Rd1 Qf6 26.Be2 Rxd1+ 27.Bxd1 Nd7 28.Qd2 Nc5 29.c3 h5
30.Qe3 Ne6 31.b4 c5 32.Bb3 cxb4 33.Bxe6 Qxe6 34.cxb4 h4 35.Ne2 Bxb4 36.f4 Qg4+
37.Kf1 h3 38.Qg3 Qd7 39.Qb3 Qd2  0-1

[Event "TCh-CRO"]
[Site "Rabac CRO"]
[Date "2004.09.05"]
[Round "1"]
[White "Vujakovic,B"]
[Black "Jusic,Z"]
[Result "1-0"]
[WhiteElo "2370"]
[BlackElo "2425"]

1.e4 d6 2.d4 Nf6 3.Nc3 e5 4.Nf3 Nbd7 5.Bc4 Be7 6.O-O O-O 7.Re1 c6 8.a4 h6
9.h3 a5 10.Ba2 Rb8 11.Nh4 Nxe4 12.Nxe4 Bxh4 13.Nxd6 Qf6 14.Ne4 Qg6 15.Kf1 b6
16.d5 Ba6+ 17.Kg1 cxd5 18.Bxd5 Nf6 19.Nxf6+ Qxf6 20.Qf3 Qe7 21.b3 Rfe8 22.Ba3 Qc7
23.c4 Bg5 24.Rad1 Bb7 25.Bxb7 Qxb7 26.Rd5 Bf6 27.Qf5 Re6 28.Red1 g6 29.Qc2 Rbe8
30.Rd7 Qa8 31.Bc1 h5 32.Be3 e4 33.R1d6 Bd8 34.Qd2 Rxd6 35.Qxd6 Qc8 36.Qd5 Rf8
37.Bh6 Bf6 38.Bxf8 Qxf8 39.Qxe4 Kg7 40.Qd5 Qe8 41.g3 h4 42.g4 g5 43.Kg2 Qf8
44.Rb7 Qe8 45.Rxb6  1-0

[Event "8th WUCC"]
[Site "Instanbul TUR"]
[Date "2004.09.08"]
[Round "5"]
[White "Haznedaroglu,K"]
[Black "Darban,M"]
[Result "1-0"]
[WhiteElo "2395"]
[BlackElo "2315"]

1.e4 d6 2.d4 Nf6 3.Nc3 c6 4.Be3 Ng4 5.Bg5 Qb6 6.Rb1 e5 7.Nf3 h6 8.Bh4 Nd7
9.Bc4 Qc7 10.a4 Ngf6 11.Bb3 Be7 12.O-O O-O 13.Bg3 Nh5 14.Nxe5 Nxg3 15.Nxd7 Nxf1
16.Nxf8 Nxh2 17.Ng6 Ng4 18.f3 Nf6 19.e5 dxe5 20.dxe5 Nh7 21.Qd4 Nf8 22.Nxf8 Bxf8
23.Rd1 Bf5 24.Qf4 Bg6 25.Qg4 Kh7 26.f4 Bc5+ 27.Kh1 h5 28.Qh3 Rd8 29.f5 Rxd1+
30.Nxd1 Qxe5 31.fxg6+ fxg6 32.Qe6 Qg3 33.Qg8+ Kh6 34.Qh8+ Kg5 35.Qd8+ Kh6
36.Qd2+ Kh7 37.Be6 Qh4+ 38.Bh3 Qxa4 39.b3 Qh4 40.Nb2 Qf6 41.Nd3 Qf1+ 42.Kh2 Bd6+
43.g3 Qf3 44.Qf2 Qxf2+ 45.Nxf2 h4 46.Ne4 hxg3+ 47.Kg2 Be7 48.Bc8 b6 49.Bd7 c5
50.Kxg3 g5 51.Kg4 Kg6 52.Be8+ Kh6 53.Ng3 g6 54.Ne4 Kg7 55.c4 Bd8 56.Bd7 Kf7
57.Kf3 Bc7 58.Bg4 Bf4 59.Nc3 Be5 60.Nd5 Bb8 61.Ke4 Bh2 62.Nc3 Bg3 63.Kd5 Kg7
64.Ne4 Bh4 65.Kc6 Kh6 66.Kb7  1-0

[Event "TCh-CRO"]
[Site "Rabac CRO"]
[Date "2004.09.08"]
[Round "4"]
[White "Zufic,M"]
[Black "Biti,O"]
[Result "1/2-1/2"]
[WhiteElo "2375"]
[BlackElo "2352"]

1.e4 d6 2.d4 Nf6 3.Nc3 e5 4.Nf3 Nbd7 5.Bc4 Be7 6.O-O O-O 7.Re1 c6 8.a4 a5
9.h3 Nb6 10.Bf1 Nfd7 11.b3 Re8 12.Ba3 exd4 13.Nxd4 Nc5 14.Qf3 Bf8 15.Rad1 Qg5
16.Bc1 Qg6 17.Bf4 Nbd7 18.Re3 Ne5 19.Qe2 Qf6 20.Bh2 Ng6 21.Qh5 Qh4 22.Qxh4 Nxh4
23.Bc4 Ng6 24.Rf3 Ne6 25.Nf5 Ng5 26.Rg3 Nxe4 27.Nxe4 Rxe4 28.Nxd6 Bxd6 29.Rxd6 Re1+
30.Bf1 Bf5 31.Re3 Rxe3 32.fxe3 Bxc2 33.Bc4 Nf8 34.g4 b5 35.axb5 cxb5 36.Bd5 Re8
37.Rb6 a4 38.Rxb5 Bxb3 39.Bxb3 axb3 40.Rxb3 Ne6 41.Kg2 g5 42.Kf3 Kg7 43.Rb5 Rc8
44.Ke4 Kg6 45.Rf5 Ng7 46.Rf2 f6 47.Bd6 Re8+ 48.Kd4 Rd8 49.Kc5 Re8 50.Kd4 Rd8
51.Kc5 Re8 52.Kd4 Rd8 53.Kc5 Re8  1/2-1/2

[Event "TCh-CRO"]
[Site "Rabac CRO"]
[Date "2004.09.11"]
[Round "7"]
[White "Zaja,I"]
[Black "Tratar,M"]
[Result "1/2-1/2"]
[WhiteElo "2452"]
[BlackElo "2449"]

1.d4 d6 2.e4 Nf6 3.Nc3 e5 4.dxe5 dxe5 5.Qxd8+ Kxd8 6.Bc4 Ke8 7.Nf3 Bd6 8.Bg5 Nbd7
9.O-O-O Nb6 10.Bb3 Ke7 11.h3 Be6 12.Rhe1 h6 13.Bxf6+ Kxf6 14.Bxe6 Kxe6 15.Nd5  1/2-1/2

[Event "TCh-SCG Men"]
[Site "Budva SCG"]
[Date "2004.09.15"]
[Round "7"]
[White "Kostic,Vl"]
[Black "Strikovic,A"]
[Result "1-0"]
[WhiteElo "2390"]
[BlackElo "2478"]

1.e4 d6 2.d4 Nf6 3.Nc3 e5 4.Nf3 Nbd7 5.Bc4 Be7 6.O-O O-O 7.Re1 c6 8.a4 b6
9.Ba2 a6 10.dxe5 dxe5 11.Nh4 g6 12.Bh6 Re8 13.Nf3 Ng4 14.Bd2 Bc5 15.Rf1 Nf8
16.h3 Nf6 17.Be3 Qe7 18.Ng5 Bxe3 19.fxe3 Ne6 20.Nf3 Nd8 21.Qe1 Be6 22.Bxe6 Qxe6
23.Qh4 Qe7 24.Nxe5 Nxe4 25.Qxe7 Rxe7 26.Nxe4 Rxe5 27.Nf6+ Kg7 28.Nd7 Rxe3
29.Nxb6 Rb8 30.Nc4 Re4 31.b3 Rd4 32.Rae1 c5 33.Re7 Rb7 34.Rfxf7+ Nxf7 35.Rxb7 Kg8
36.Rc7 Rd5 37.Ne3 Re5 38.Ng4 Rg5 39.Nf6+ Kg7 40.Ne4  1-0

[Event "ch-Euro Seniors"]
[Site "Arvier ITA"]
[Date "2004.09.16"]
[Round "7"]
[White "Saunina,L"]
[Black "Beliaeva,N"]
[Result "1-0"]
[WhiteElo "2282"]
[BlackElo "2110"]

1.e4 d6 2.d4 Nf6 3.Nc3 c6 4.g3 Bg4 5.f3 Bd7 6.e5 Nd5 7.Nxd5 cxd5 8.exd6 e6
9.Bf4 Qb6 10.Ne2 Bxd6 11.Bxd6 Qxd6 12.c3 Nc6 13.Bg2 Na5 14.b3 Rc8 15.Qd2 Qa6
16.O-O Bb5 17.Rae1 O-O 18.Rf2 Rc7 19.Nf4 Rfc8 20.Re3 b6 21.h4 Nb7 22.Qe1 Nd6
23.Bh3 Bd7 24.Rc2 h6 25.Qd2 Qb7 26.g4 Rc6 27.g5 hxg5 28.hxg5 Qc7 29.g6 Nf5
30.gxf7+ Kxf7 31.Bxf5 Qxf4 32.Bg4 Rh8 33.Re2 Qxd2 34.Rexd2 Rhc8 35.Rd3 Ke7
36.Kf2 b5 37.b4 Rc4 38.a3 a5 39.Re3 axb4 40.axb4 Rxd4 41.Rce2 Rdc4 42.Bxe6 Bxe6
43.Rxe6+ Kf8 44.Rd6 Rxc3 45.Rxd5 Rb8 46.Rf5+ Kg8 47.Re7 Rf8 48.Rxf8+ Kxf8
49.Rb7 Rb3 50.Rxb5 Ke7 51.Rb6 g5 52.Kg3 Kf7 53.Kg4 Kg7 54.b5 Kf7 55.Rb8 Ke7
56.b6 Kd7 57.b7 Kc7 58.Rg8 Kxb7 59.Rxg5 Kc6 60.f4 Kd6 61.Kf5 Ke7 62.Kg6 Kf8
63.Rf5+ Kg8 64.Rf6 Rg3+ 65.Kf5 Re3 66.Ra6 Rb3 67.Kf6 Rh3 68.Ra8+ Kh7 69.f5 Rf3
70.Re8 Rf2 71.Rf8 Rf3 72.Ke6 Re3+ 73.Kf7 Rf3 74.f6 Rb3 75.Re8 Rb7+ 76.Re7 Rb6
77.Kf8+ Kg6 78.f7 Rb8+ 79.Re8 Rb7 80.Re6+ Kh7 81.Re1 Rb8+ 82.Ke7 Rb7+ 83.Kf6 Rb6+
84.Re6 Rb8 85.Re8 Rb6+ 86.Kf5 Rb5+ 87.Ke4  1-0

[Event "2nd Chiuso GM"]
[Site "Rome ITA"]
[Date "2004.09.18"]
[Round "8"]
[White "Corvi,M"]
[Black "Marzano,C"]
[Result "1/2-1/2"]
[WhiteElo "2323"]
[BlackElo "2244"]

1.e4 d6 2.d4 Nf6 3.Nc3 e5 4.Nf3 Nc6 5.dxe5 Nxe5 6.Nxe5 dxe5 7.Qxd8+ Kxd8
8.Bg5 c6 9.O-O-O+ Ke8 10.f4 Be7 11.f5 Ng4 12.Bxe7 Kxe7 13.Rd2 Rd8 14.Be2 Rxd2
15.Kxd2 Nh6 16.Ke3 f6 17.g4 Nf7 18.h4 Bd7 19.Rg1 h6 20.Na4 b6 21.Rd1 Rd8
22.b4 Be8 23.Rxd8 Kxd8 24.Nc3 Nd6 25.Nd1 Bf7 26.a3 Bc4 27.Bd3 Kc7 28.Nf2 Kd7
29.Nd1  1/2-1/2

[Event "Georgiev-Kesarovski Mem"]
[Site "Sunny Beach BUL"]
[Date "2004.09.18"]
[Round "1"]
[White "Dimitrov,R"]
[Black "Bojkov,D"]
[Result "0-1"]
[WhiteElo "2026"]
[BlackElo "2453"]

1.e4 d6 2.d4 Nf6 3.Nc3 e5 4.dxe5 dxe5 5.Qxd8+ Kxd8 6.Bg5 Be6 7.O-O-O+ Nd7
8.Nf3 Kc8 9.h3 Bc5 10.Bh4 h6 11.Rd2 Nh5 12.Na4 Bb4 13.c3 Bd6 14.g4 Nhf6 15.Bxf6 Nxf6
16.Bd3 Bxa2 17.c4 Bb3 18.Nc3 Nd7 19.Re1 Nc5 20.Bf1 Ne6 21.Rd5 f6 22.Rb5 Nd4
23.Nxd4 exd4 24.Rxb3 dxc3 25.bxc3 Rd8 26.Kc2 a5 27.Bg2 a4 28.Rbb1 c6 29.Red1 Kc7
30.Ra1 a3 31.f3 Ra5 32.Ra2 Rda8 33.Bf1 h5 34.Be2 Rh8 35.Kb3 Raa8 36.Raa1 hxg4
37.hxg4 Rh2 38.Rd2 Bc5 39.Raa2 Ra6 40.Bd1 Rb6+ 41.Kc2 Rh1 42.Kd3 Rb1 43.Kc2 Rb6
44.Kd3 g5 45.Ra1 Bd6 46.Rda2 Rb2 47.Rxb2 axb2 48.Rb1 Bf4 49.c5 Bc1 50.Bb3 Re1
51.Be6 Re3+ 52.Kc4 Rxf3 53.Bf5 Rh3 54.Kd4 Rh1 55.Kc4 Rh8 56.Kb3 Ra8 57.Kc2 Ra5
58.Be6 Rxc5 59.Bf5 Kd6 60.Bc8 b6 61.Bf5 Ke5 62.Bg6 Kf4 63.Bf5 Rxf5 64.exf5 Kxg4
65.Kd3 Kf3  0-1

[Event "Georgiev-Kesarovski Mem"]
[Site "Sunny Beach BUL"]
[Date "2004.09.19"]
[Round "3"]
[White "Iliev,Di"]
[Black "Bojkov,D"]
[Result "0-1"]
[WhiteElo "2153"]
[BlackElo "2453"]

1.e4 d6 2.d4 Nf6 3.Nc3 e5 4.dxe5 dxe5 5.Qxd8+ Kxd8 6.Bg5 Be6 7.Nd5 Nd7 8.O-O-O Kc8
9.f3 c6 10.Nc3 b5 11.a3 b4 12.Ba6+ Kc7 13.axb4 Bxb4 14.Nge2 Nc5 15.Bd3 a5
16.Kb1 Rhb8 17.Ka1 a4 18.Na2 Ba5 19.Bxf6 gxf6 20.f4 Nxd3 21.cxd3 Bg4 22.Nac1 a3
23.b3 Bxe2 24.Nxe2 Rxb3 25.fxe5 Rb2 26.Nc1 Bc3 27.Na2 Bd4 28.Rc1 Rb3+  0-1

[Event "79th ch-ARG"]
[Site "Buenos Aires ARG"]
[Date "2004.09.25"]
[Round "2"]
[White "De Dovitiis,A"]
[Black "Torres,S"]
[Result "1-0"]
[WhiteElo "2356"]
[BlackElo "2215"]

1.d4 d6 2.e4 Nf6 3.Nc3 Nbd7 4.Nf3 e5 5.Bc4 Be7 6.O-O O-O 7.Re1 c6 8.a4 Qc7
9.b3 Nb6 10.Bf1 Bg4 11.dxe5 dxe5 12.h3 Rad8 13.Qe2 Bb4 14.Bb2 Be6 15.Ng5 Bc8
16.Red1 a5 17.Rxd8 Rxd8 18.Rd1 Rxd1 19.Qxd1 h6 20.Nf3 Be6 21.Ne2 Nxe4 22.Bxe5 Qd7
23.Qd4 Qxd4 24.Bxd4 Nd5 25.Ne5 Nd2 26.Nd3 Nxf1 27.Kxf1 Bf5 28.Nxb4 Nxb4 29.c3 Na2
30.Bb6 Bc2 31.Nd4 Bd3+ 32.Ke1 Nxc3 33.Kd2 Nd5 34.Kxd3 Nxb6 35.Nf5 Nc8 36.Kd4 b6
37.Ke5 b5 38.Kd4 g6 39.Nxh6+ Kg7 40.Ng4 bxa4 41.bxa4 Nb6 42.Ne5 Nxa4 43.Nxc6 Kf6
44.Nxa5 Nb6 45.Nc4 Nd7 46.Kd5 Kg5 47.Ne5 Nf6+ 48.Kd4 Nh5 49.Nxf7+ Kf6 50.Ne5 Nf4
51.Ng4+ Kf5 52.Ne3+ Kg5 53.Ke4 Ne6 54.g3 Nc5+ 55.Kd4 Nb3+ 56.Ke5 Nd2 57.h4+ Kh5
58.Kf4 Nb3 59.Ng2 Nc5 60.g4+ Kh6 61.Ne1 Ne6+ 62.Ke5 Nc5 63.f4 Nb3 64.f5 gxf5
65.Kxf5 Nd4+ 66.Kf6 Kh7 67.g5 Kg8 68.h5 Ne2 69.g6 Ng3 70.h6 Ne4+ 71.Ke6 Nc5+
72.Kf5 Nb7 73.Nf3 Nd6+ 74.Ke6 Ne4 75.Ke5 Nf2 76.Nh2 Kf8 77.Kf5 Nd3 78.Ng4 Nc5
79.g7+ Kf7 80.Ne5+  1-0

[Event "TCh-Vojvodina"]
[Site "Sombor SCG"]
[Date "2004.09.25"]
[Round "1"]
[White "Krejic,I"]
[Black "Vlatkovic,S"]
[Result "1/2-1/2"]
[WhiteElo "2221"]
[BlackElo "2285"]

1.e4 d6 2.d4 Nf6 3.Nc3 e5 4.dxe5 dxe5 5.Qxd8+ Kxd8 6.Nf3 Bd6 7.Bc4 Ke8 8.O-O a6
9.Ng5 Rf8 10.f4 Nbd7 11.a4 h6 12.Nf3 exf4 13.e5 Bc5+ 14.Kh1 Ng4 15.Nd5 Kd8
16.Bxf4 c6 17.Nc3 g5 18.Bg3 Ne3 19.Bb3 Nxf1 20.Rxf1 Be7 21.Nd4 Ke8 22.Nf5 Nc5
23.Ng7+ Kd7 24.Bxf7 Kc7 25.e6+ Kb6 26.Re1 a5 27.Bf2 Ka6 28.Bxc5 Bxc5 29.e7 Bxe7
30.Rxe7 Rd8 31.h3 Rd7 32.Rxd7 Bxd7 33.Ne6 Kb6 34.g4 Bxe6 35.Bxe6 Kc5 36.Kg2 b5
37.Kf3 Re8 38.Bf5 Re1 39.Bd3 bxa4 40.Nxa4+ Kd4 41.Be2 Rh1 42.c3+ Ke5 43.Kg3 Rg1+
44.Kf2 Rh1 45.Bd3 Rd1 46.Be2 Rb1 47.Nc5 Kd5 48.Na4 Kd6 49.Bf3 Ra1 50.Nb6 Kc5
51.Nd7+ Kd6 52.Nb6 Kc5  1/2-1/2

[Event "Tatry Open"]
[Site "Tatranske Zruby SVK"]
[Date "2004.09.25"]
[Round "1"]
[White "Manik,M"]
[Black "Zadrapa,R"]
[Result "1-0"]
[WhiteElo "2502"]
[BlackElo "2069"]

1.e4 d6 2.d4 Nf6 3.Nc3 c6 4.f4 Qa5 5.e5 Ne4 6.Bd3 Nxc3 7.Qd2 d5 8.bxc3 c5
9.dxc5 e6 10.c4 Qxd2+ 11.Bxd2 dxc4 12.Bxc4 Bxc5 13.Nf3 Bd7 14.O-O-O Bc6 15.f5 Bxf3
16.gxf3 exf5 17.e6 f6 18.Bc3 Ke7 19.Rd5 Ba3+ 20.Kd2 a6 21.Rxf5 Nc6 22.Rg1 Rhd8+
23.Ke2 Kf8 24.Rh5 h6 25.Rh4 b5 26.Bb3 Bc5 27.Rg2 Bd4 28.e7+ Kxe7 29.Rxg7+ Kf8
30.Rf7+  1-0

[Event "TCh-BEL 2004-5"]
[Site "Belgium BEL"]
[Date "2004.09.26"]
[Round "2"]
[White "Van Haastert,E"]
[Black "Klyuner,V"]
[Result "1/2-1/2"]
[WhiteElo "2411"]
[BlackElo "2395"]

1.e4 d6 2.d4 Nf6 3.Nc3 e5 4.Nf3 Nbd7 5.g3 Be7 6.Bg2 O-O 7.O-O c6 8.a4 a5
9.h3 Re8 10.Re1 Bf8 11.b3 h6 12.Bb2 Qc7 13.Qd2 Rb8 14.Re2 b5 15.axb5 cxb5
16.Nd5 Nxd5 17.exd5 e4 18.Nh2 b4 19.Rxe4 Rxe4 20.Bxe4 Nf6 21.Bg2 Bb7 22.c4 bxc3
23.Bxc3 Bxd5  1/2-1/2

[Event "TCh-Vojvodina"]
[Site "Sombor SCG"]
[Date "2004.09.26"]
[Round "3"]
[White "Strbac,M"]
[Black "Petakov,U"]
[Result "1-0"]
[WhiteElo "2219"]
[BlackElo "2263"]

1.e4 d6 2.d4 Nf6 3.Nc3 Nbd7 4.f4 e5 5.Nf3 exd4 6.Qxd4 c6 7.Bd2 d5 8.exd5 Bc5
9.Qd3 O-O 10.O-O-O Re8 11.h3 Bf2 12.Ng5 Nc5 13.Qf3 Qb6 14.Bc4 h6 15.dxc6 hxg5
16.fxg5 Be6 17.gxf6 Bd4 18.Bb3 bxc6 19.Rhe1 Rab8 20.Be3 Bxb3 21.Bxd4 Rxe1
22.Rxe1 Bxc2 23.Ne4 Bxe4 24.Qxe4 Qb5 25.Qg4 g6 26.Rd1 Nd3+ 27.Kc2 Nxb2 28.Rd2 Qa4+
29.Kc1  1-0

[Event "TCh-Vojvodina"]
[Site "Sombor SCG"]
[Date "2004.09.26"]
[Round "3"]
[White "Mujagic,R"]
[Black "Dekic,J"]
[Result "1/2-1/2"]
[WhiteElo "2339"]
[BlackElo "2317"]

1.e4 d6 2.d4 Nf6 3.Nc3 Nbd7 4.Nf3 e5 5.Be2 Be7 6.O-O O-O 7.Re1 c6 8.a4 b6
9.Bf1 Bb7 10.Bg5 a6 11.Qd2 Qc7 12.Nh4 Rfe8 13.Nf5 Bf8 14.dxe5 dxe5 15.Rad1 b5
16.Nd6 Re6 17.Nxb7 Qxb7 18.axb5 axb5 19.Bd3 Nc5 20.Qe3 h6 21.Bh4 Nfd7 22.Be2 Nf6  1/2-1/2

[Event "Tatry Open"]
[Site "Tatranske Zruby SVK"]
[Date "2004.09.26"]
[Round "2"]
[White "Belis,R"]
[Black "Walek,M"]
[Result "0-1"]
[WhiteElo "2172"]
[BlackElo "2386"]

1.d4 Nf6 2.Nc3 d6 3.e4 c6 4.f4 g6 5.Be2 Bg7 6.h4 h5 7.Nf3 Ng4 8.a4 a5 9.Bc4 O-O
10.O-O Qb6 11.Ne2 Nd7 12.c3 e5 13.Ng3 exd4 14.cxd4 Ndf6 15.Qb3 Qxb3 16.Bxb3 Be6
17.Bxe6 fxe6 18.Ng5 Rfe8 19.f5 exf5 20.exf5 Ne3 21.Bxe3 Rxe3 22.Rf3 Ng4 23.Ne6 Bh6
24.Nf1 Re2 25.Nf4 Rxb2 26.Re1 Bg7 27.fxg6 Bxd4+ 28.Kh1 Nf2+ 29.Kh2 Rf8 30.Re7 Be5
31.g3 Nd3+ 32.Kh1 Nxf4 33.gxf4 Rxf4 34.Rf7 Rxf3 35.Rxf3 Kg7 36.Rf5 Kxg6 37.Rg5+ Kh6
38.Rg8 Rb4 39.Ne3 Rxh4+ 40.Kg2 Rxa4 41.Nf5+ Kh7 42.Rg5 Rg4+  0-1

[Event "Tatry Open"]
[Site "Tatranske Zruby SVK"]
[Date "2004.09.26"]
[Round "2"]
[White "Alexaj,O"]
[Black "Klemanic,E"]
[Result "0-1"]
[WhiteElo "2085"]
[BlackElo "2248"]

1.e4 d6 2.d4 Nf6 3.Nc3 e5 4.Nf3 Nbd7 5.Bc4 Be7 6.O-O c6 7.d5 Nb6 8.Bb3 cxd5
9.Nxd5 Nfxd5 10.exd5 a5 11.a4 O-O 12.Be3 Bg4 13.Qd3 Bxf3 14.gxf3 Nd7 15.c4 Bg5
16.Bc2 g6 17.Kg2 Rc8 18.Rh1 Bxe3 19.fxe3 Qg5+ 20.Kf1 e4 21.Qe2 exf3 22.Qxf3 Rxc4
23.Rg1 Qh6 24.Rg2 Ne5 25.Qe2 Rfc8 26.Bd1 f5 27.Ra3 f4 28.Rf2 f3 29.Qd2 Ng4
30.Rc3 Rxc3 31.bxc3 Nxf2 32.Qxf2 Rxc3 33.e4 Qh3+ 34.Ke1 Qg2 35.e5 Rc1  0-1

[Event "Tatry Open"]
[Site "Tatranske Zruby SVK"]
[Date "2004.09.26"]
[Round "2"]
[White "Sikora,J"]
[Black "Hebelka,M"]
[Result "1-0"]
[WhiteElo "2243"]
[BlackElo "2077"]

1.e4 c6 2.Nc3 d6 3.d4 Nf6 4.f4 g6 5.Nf3 Bg7 6.Bd3 O-O 7.O-O a5 8.Kh1 b5 9.e5 dxe5
10.fxe5 Nd5 11.Ne4 Ra7 12.Qe1 Nb4 13.Qh4 Nxd3 14.cxd3 f6 15.Bh6 Bf5 16.Bxg7 Kxg7
17.g4 Be6 18.g5 f5 19.Qh6+ Kg8 20.Nh4 fxe4 21.Nxg6 Rf7 22.Nh4 Bd5 23.Rxf7 Bxf7
24.g6 hxg6 25.Nxg6 Bxg6 26.Qxg6+ Kh8 27.Qh6+ Kg8 28.Rg1+  1-0

[Event "1st Central League"]
[Site "Vrnjacka Banja SCG"]
[Date "2004.09.26"]
[Round "2"]
[White "Bozic,Mi"]
[Black "Kostic,Ne"]
[Result "1-0"]
[WhiteElo "2388"]
[BlackElo "2349"]

1.e4 d6 2.d4 Nf6 3.Nc3 e5 4.Nf3 Nbd7 5.Bc4 Be7 6.a4 O-O 7.a5 c6 8.O-O Qc7
9.h3 h6 10.Qe2 Re8 11.d5 Nf8 12.Be3 Ng6 13.Bb3 c5 14.Nd2 Rf8 15.a6 b6 16.Ba4 Bd7
17.Bxd7 Qxd7 18.Qb5 Qd8 19.b4 cxb4 20.Na2 Qd7 21.Qe2 Nh7 22.Nxb4 Bg5 23.Bxg5 Nxg5
24.Qg4 Qc7 25.Ra3 Nh7 26.Rg3 Kh8 27.Nc6 Nf6 28.Qd1 Ne7 29.Rc3 Rac8 30.Qe2 Qd7
31.Qb5 Rc7 32.Rb1 Rfc8 33.Rb4 Nxc6 34.Rbc4 Ng8 35.dxc6 Qe8 36.Nf1 Ne7 37.Ne3 Rxc6
38.Rxc6 Nxc6 39.Nf5 Nd4 40.Qxe8+ Rxe8 41.Rc7 Nb5 42.Rxf7 Rc8 43.Ne3 Rc7 44.Rf8+ Kh7
45.Rb8 Kg6 46.c4 Nc3 47.Rb7 Rf7 48.f3 Na4 49.Nf5 Nc5 50.Nxd6 Rf6 51.Nc8 Nxa6
52.Rxa7 Nc5 53.Ne7+ Kh7 54.Nf5 Rg6 55.h4 h5 56.g3 Nb3 57.Kf2 Rc6 58.Rxg7+ Kh8
59.Rg5 Rxc4 60.Rxh5+ Kg8 61.Ne7+ Kf7 62.Nd5 Rc2+ 63.Ke3 Rg2 64.Rf5+ Ke6 65.Rf6+ Kd7
66.Nxb6+ Kd8 67.Nc4 Rxg3 68.Nxe5 Rh3 69.Rh6 Ke8  1-0

[Event "1st Central League"]
[Site "Vrnjacka Banja SCG"]
[Date "2004.09.26"]
[Round "2"]
[White "Adzic,M"]
[Black "Djordjevic,N"]
[Result "1-0"]
[WhiteElo "2231"]
[BlackElo "2267"]

1.e4 d6 2.d4 Nf6 3.Nc3 c6 4.Nf3 Qc7 5.h3 e5 6.Bg5 Be7 7.Qd2 Nbd7 8.a3 O-O
9.Be2 a6 10.O-O b5 11.Rfe1 Bb7 12.Bf1 Rfe8 13.dxe5 dxe5 14.Nh4 h6 15.Bxh6 gxh6
16.Qxh6 Nh7 17.Nf5 Bf8 18.Qh5 Re6 19.Rad1 Rg6 20.Re3 Ndf6 21.Qh4 Rd8 22.Rxd8 Qxd8
23.Rd3 Qc7 24.Rg3 c5 25.Bd3 c4 26.Be2 Qc6 27.Bf3 Kh8 28.Nd5 Qe6 29.Nde3 c3
30.bxc3 Bxa3 31.Bh5 Rxg3 32.Nxg3 Nxh5 33.Qxh5 f6 34.Nef5 Bf8 35.Nh4 Bg7 36.f3 Bc6
37.Ng6+ Kg8 38.Nf5 Be8 39.Nge7+ Kf8 40.Qxh7 Qf7  1-0

[Event "Tatry Open"]
[Site "Tatranske Zruby SVK"]
[Date "2004.09.27"]
[Round "3"]
[White "Petrik,T"]
[Black "Klemanic,E"]
[Result "1-0"]
[WhiteElo "2457"]
[BlackElo "2248"]

1.e4 d6 2.d4 Nf6 3.Nc3 e5 4.Nf3 Nbd7 5.Bc4 Be7 6.O-O c6 7.a4 Qc7 8.h3 h6
9.Re1 Nf8 10.Be3 g5 11.dxe5 dxe5 12.Nxe5 Qxe5 13.Bd4 Qa5 14.e5 Nd5 15.e6 Rh7
16.Nxd5 cxd5 17.Bb5+ Kd8 18.Bc3 Qxb5 19.axb5 fxe6 20.Qd4 b6 21.Rxa7 Rxa7
22.Qxb6+ Rc7 23.Ba5 Bf6 24.Qd6+ Ke8 25.Bxc7 Rd7 26.Rxe6+ Nxe6 27.Qxe6+ Be7
28.Qg6+ Kf8 29.Qxh6+ Kf7 30.Qh7+ Ke8 31.Qh5+  1-0

[Event "1st Central League"]
[Site "Vrnjacka Banja SCG"]
[Date "2004.09.27"]
[Round "4"]
[White "Ristic,Nen"]
[Black "Rabrenovic,V"]
[Result "1/2-1/2"]
[WhiteElo "2433"]
[BlackElo "2310"]

1.e4 d6 2.d4 Nf6 3.Nc3 e5 4.Nf3 Nbd7 5.g4 g6 6.Bc4 Bg7 7.dxe5 dxe5 8.Be3 O-O
9.h3 c6 10.Bb3 Qe7 11.Qd3 Nc5 12.Bxc5 Qxc5 13.Rd1 Ne8 14.Ng5 h6 15.Nf3 Nc7
16.Qd6 Qxd6 17.Rxd6 Be6 18.O-O Bxb3 19.axb3 Ne6 20.Ne2 Rfd8 21.Rfd1 Kf8 22.Rxd8+ Rxd8
23.Rxd8+ Nxd8 24.Nc1 Ke7 25.Nd3 f6 26.Nh4 Kf7 27.Nf3 a5 28.Kg2 Bf8 29.Nd2 b5
30.c3 Ke6 31.Nf1 f5 32.gxf5+ gxf5 33.f3 f4 34.Nd2 h5 35.Nf1 Nb7 36.Kf2 Nc5
37.Nc1 Be7 38.Nd2 Kf6 39.Nb1 Ke6 40.Na3  1/2-1/2

[Event "IMA Classic"]
[Site "Gausdal NOR"]
[Date "2004.09.28"]
[Round "8"]
[White "Pinol,F"]
[Black "Collins,S IRL"]
[Result "0-1"]
[WhiteElo "2133"]
[BlackElo "2387"]

1.e4 d6 2.d4 Nf6 3.Nc3 e5 4.f4 exd4 5.Qxd4 Be7 6.Nf3 O-O 7.h3 Nc6 8.Qf2 d5
9.e5 Ne4 10.Nxe4 dxe4 11.Nd2 Nb4 12.Nxe4 Bf5 13.a3 Bxe4 14.axb4 Bh4 15.g3 Bxh1
16.gxh4 f6 17.e6 Qe7 18.f5 Qxb4+ 19.c3 Qe4+ 20.Be3 Rfd8 21.c4 Bf3 22.e7 Rd7  0-1

[Event "TCh-Vojvodina"]
[Site "Sombor SCG"]
[Date "2004.09.28"]
[Round "5"]
[White "Stojanovic,Da"]
[Black "Jotic,V"]
[Result "1-0"]
[WhiteElo "2441"]
[BlackElo "2241"]

1.e4 c6 2.d4 d6 3.Nc3 Nf6 4.Nf3 g6 5.Be3 Bg7 6.Qd2 O-O 7.h3 Nbd7 8.a4 e5
9.dxe5 dxe5 10.Bc4 Qe7 11.O-O Nc5 12.Bg5 Qc7 13.Qe3 Ne6 14.Ne2 Nxg5 15.Nxg5 Bh6
16.h4 Nh5 17.Rfd1 Kg7 18.Qc3 Bxg5 19.hxg5 Qe7 20.Qe3 f6 21.gxf6+ Nxf6 22.f3 Be6
23.Bxe6 Qxe6 24.Rd3 Rf7 25.Rad1 Rd7 26.a5 Rxd3 27.Rxd3 Qe7 28.Rb3 Ne8 29.g3 a6
30.Qb6 Nd6 31.Qc5 Re8 32.Rd3 Nf7 33.Qb6 Rd8 34.Kf2 h5 35.Ke1 h4 36.gxh4 Qxh4+
37.Kd2 Qe7 38.Rxd8 Nxd8 39.Nc1 Ne6 40.Nd3 Kf6 41.Qf2 Qh7 42.Kc3 Qh3 43.Kb4 g5
44.c3 Qh1 45.Qg3 Nf4 46.Nxf4 exf4 47.Qg4 Qh7 48.Kc5 Qe7+ 49.Kb6 Qd8+ 50.Kxb7 Qxa5
51.b4 Qb5+ 52.Kc8 a5 53.bxa5 Qxa5 54.Qh3 Qa8+ 55.Kc7 Qa7+ 56.Kxc6 Qa6+ 57.Kc5 Qa3+
58.Kc6 Qa4+ 59.Kd5 Qd1+ 60.Kc5 Qg1+ 61.Kc6 Qg3 62.Qh6+ Kf7 63.Qh7+ Kf6 64.Kd6 g4
65.e5+ Kg5 66.Qg7+ Kh5 67.e6 Qxf3 68.Qf7+ Kh4 69.e7 g3 70.e8=Q g2 71.Qh7+ Kg3
72.Qe1+  1-0

[Event "Tatry Open"]
[Site "Tatranske Zruby SVK"]
[Date "2004.09.28"]
[Round "5"]
[White "Cernousek,L"]
[Black "Behul,B"]
[Result "1-0"]
[WhiteElo "2378"]
[BlackElo "2133"]

1.e4 d6 2.d4 Nf6 3.Nc3 c6 4.f4 Qa5 5.Bd3 e5 6.dxe5 dxe5 7.fxe5 Ng4 8.Nf3 Nxe5
9.Nxe5 Qxe5 10.O-O Bd6 11.Bf4 Qc5+ 12.Kh1 Bxf4 13.Rxf4 Be6 14.e5 Nd7 15.Bf5 Qxe5
16.Bxe6 fxe6 17.Re4 Qf5 18.Qe2 O-O 19.Rxe6 Rad8 20.Re7 Nb6 21.Ne4 Nd5 22.Ng3 Qc8
23.Re5 Nf4 24.Qc4+ Kh8 25.Rae1 Ng6 26.Re6 Qd7 27.Qe4 Qd5 28.h3 Qxe4 29.Nxe4 Kg8
30.Nc5 b6 31.Ne4 c5 32.g3 Rf7 33.Kg1 Nf8 34.Rd6 Rxd6 35.Nxd6 Rd7 36.Ne4 h6
37.Kf2 Kf7 38.Ke3 Ke6 39.Rf1 Ng6 40.b3 Ne5 41.Rf8 Rf7 42.Re8+ Re7 43.Ra8 Rf7
44.Re8+ Re7 45.Rxe7+ Kxe7 46.Nc3 Ke6 47.Ke4 g6 48.Nd5 Kd6 49.Ne7 Ke6 50.a4 h5
51.h4 Kf6 52.Kd5 Ng4 53.Nc8 Ne3+ 54.Ke4 Nxc2 55.Nxa7 Nd4 56.Nc8 Nxb3 57.Nxb6 Ke6
58.Nc4 Nd4 59.a5 Nb5 60.a6 Nc3+ 61.Kf4 Nb5 62.Kg5  1-0